000 00404nam a2200145Ia 4500
008 231129s2012||||xx |||||||||||||| ||spa||
020 _a978-958-670-974-3
040 _bspa
082 _aCo863 V258u
100 _aVaní­n Alfredo
245 0 _aíšltima piel
260 _c2012
264 _aUniversidad del Valle. Escuela de Estudios Literarios
942 _2ddc
_cBKS
999 _c16032
_d16032